<?xml version="1.0" encoding="UTF-8"?><?xml-stylesheet type="text/xsl" href="static/style.xsl"?><OAI-PMH xmlns="http://www.openarchives.org/OAI/2.0/" xmlns:xsi="http://www.w3.org/2001/XMLSchema-instance" xsi:schemaLocation="http://www.openarchives.org/OAI/2.0/ http://www.openarchives.org/OAI/2.0/OAI-PMH.xsd"><responseDate>2026-06-03T02:10:49Z</responseDate><request verb="GetRecord" identifier="oai:riuma.uma.es:10630/28905" metadataPrefix="marc">https://riuma.uma.es/rest/oai/request</request><GetRecord><record><header><identifier>oai:riuma.uma.es:10630/28905</identifier><datestamp>2026-02-03T11:34:14Z</datestamp><setSpec>com_10630_2254</setSpec><setSpec>col_10630_37953</setSpec></header><metadata><record xmlns="http://www.loc.gov/MARC21/slim" xmlns:dcterms="http://purl.org/dc/terms/" xmlns:doc="http://www.lyncode.com/xoai" xmlns:xsi="http://www.w3.org/2001/XMLSchema-instance" xsi:schemaLocation="http://www.loc.gov/MARC21/slim http://www.loc.gov/standards/marcxml/schema/MARC21slim.xsd">
   <leader>00925njm 22002777a 4500</leader>
   <datafield ind2=" " ind1=" " tag="042">
      <subfield code="a">dc</subfield>
   </datafield>
   <datafield ind2=" " ind1=" " tag="720">
      <subfield code="a">Villalba-Moreno, Julio</subfield>
      <subfield code="e">author</subfield>
   </datafield>
   <datafield ind2=" " ind1=" " tag="720">
      <subfield code="a">Hormigo-Aguilar, Javier</subfield>
      <subfield code="e">author</subfield>
   </datafield>
   <datafield ind2=" " ind1=" " tag="260">
      <subfield code="c">2022-03</subfield>
   </datafield>
   <datafield ind2=" " ind1=" " tag="520">
      <subfield code="a">This article proposes a family of high-radix floating-point representation to efficiently deal with floating-point addition in FPGA devices with no native floating-point support. Since variable shifter implementation (required in any FP adder) has a very high cost in FPGA, high-radix formats considerably reduce the number of possible shifts, decreasing the execution time and area highly. Although the high-radix format produces also a significant penalty in the implementation of multipliers, the experimental results show that the adder improvement overweights the multiplication penalty for most of the practical and common cases (digital filters, matrix multiplications, etc.). We also provide the designer with guidelines on selecting a suitable radix as a function&#xd;
of the ratio between the number of additions and multiplications of the targeted algorithm. For applications with similar numbers of additions and multiplications, the high-radix version may be up to 26% faster and even having a wider dynamic range&#xd;
and using higher number of significant bits. Furthermore, thanks to the proposed efficient converters between the standard IEEE-754 format and our internal high-radix format, the cost of the input/output conversions in FPGA accelerators is negligible.</subfield>
   </datafield>
   <datafield ind1="8" ind2=" " tag="024">
      <subfield code="a">Villalba, J., Hormigo, J. High-Radix Formats for Enhancing Floating-Point FPGA Implementations. Circuits Syst Signal Process 41, 1683–1703 (2022). https://doi.org/10.1007/s00034-021-01855-x</subfield>
   </datafield>
   <datafield ind1="8" ind2=" " tag="024">
      <subfield code="a">https://hdl.handle.net/10630/28905</subfield>
   </datafield>
   <datafield ind1="8" ind2=" " tag="024">
      <subfield code="a">10.1007/s00034-021-01855-x</subfield>
   </datafield>
   <datafield tag="653" ind2=" " ind1=" ">
      <subfield code="a">Matemáticas computacionales</subfield>
   </datafield>
   <datafield ind2="0" ind1="0" tag="245">
      <subfield code="a">High-radix formats for enhancing floating-point FPGA implementations</subfield>
   </datafield>
</record>
</metadata></record></GetRecord></OAI-PMH>